| 000 | 00454pab a2200181 454500 | ||
|---|---|---|---|
| 008 | 180718b2004 xxu||||| |||| 00| 0 eng d | ||
| 100 | _aMaskin, Eric | ||
| 245 | _aThe politician and the judge: accountability in government | ||
| 260 | _c2004 | ||
| 300 | _ap.1034-054. | ||
| 362 | _aSep | ||
| 650 | _aJudges | ||
| 650 | _aPoliticians | ||
| 650 | _aAccountability | ||
| 700 | _aTirole, Jean | ||
| 773 | _aAmerican Economic Review | ||
| 909 | _a63001 | ||
| 999 |
_c63001 _d63001 |
||